| 000 | 00682nam a2200205Ia 4500 | ||
|---|---|---|---|
| 008 | 150520s9999 xx 000 0 und d | ||
| 050 | _aHF 5549.5.M63 | ||
| 050 | _b.Sa535 2015 | ||
| 100 | _aSan Diego, Rey Benedict E. | ||
| 245 | _aEngagement among permanent and non- manegerial employees of municipal development fund office (MDFO) of the department of finance / | ||
| 245 | _cRey Benedict E. San Diego. | ||
| 260 | _aLas PiƱas, Philippines : | ||
| 260 | _bSISC, | ||
| 260 | _c2015. | ||
| 300 | _a58 pages: | ||
| 300 | _billustrations ; | ||
| 300 | _c28 cm. | ||
| 500 | _aIncludes bibliographical references and appendices. | ||
| 650 | _aOrganizational Commitment | ||
| 999 |
_c284043 _d284043 |
||